Promotion & education
| New Title: | Global health promotion |
|---|---|
| Previous Title: | Hygie |
| Corporate Author: | |
| Format: | Electronic Journal |
| Language: | English French Spanish |
| Published: |
Paris :
International Union for Health Promotion and Education,
1994-
|
| Subjects: | |
| Online Access: | Full text available from Research Library: 06/01/1998 to 12/31/2008 |
MARC
| LEADER | 00000nas a2200000 a 4500 | ||
|---|---|---|---|
| 001 | ssj0012671 | ||
| 003 | WaSeSS | ||
| 005 | 20200512172242.0 | ||
| 006 | m d | ||
| 007 | cr n | ||
| 008 | 940201d19942008enkqr p s 0 a0eng c | ||
| 010 | |a 99107171 |z sn 94043148 | ||
| 016 | 7 | |a 9431615 |2 DNLM | |
| 016 | 7 | |a SR0080001 |2 DNLM | |
| 016 | 7 | |a 008543984 |2 Uk | |
| 022 | |l 1025-3823 |y 1025-3823 | ||
| 032 | |a 024764 |b USPS | ||
| 035 | |a (WaSeSS)ssj0012671 | ||
| 037 | |b 15-21, rue de l'Ecole de Médecine, 75270 Paris cedex 06, France |c $45.00 | ||
| 040 | |a KMM |b eng |c KMM |d WAU |d EYM |d NLM |d NSD |d HUL |d DLC |d SYS |d OCLCQ |d NLGGC |d UQ1 |d NSD |d CUS |d NSD |d CUS |d NLM |d UIU |d SINLB |d CUS |d OCLCS |d OCLCQ |d UKMGB |d SERSO |d OCLCQ |d OCLCF |d OCLCO |d OCLCQ |d OCLCO |d OCLCA |d WaSeSS | ||
| 041 | 0 | |a eng |a fre |a spa | |
| 042 | |a pcc |a nsdp | ||
| 050 | 0 | 0 | |a RA427.8 |b .P768 |
| 060 | 0 | 0 | |a W1 |b PR721NL |
| 082 | 1 | 0 | |a 613 |2 14 |
| 082 | 0 | 4 | |a 614.07 |2 20 |
| 210 | 1 | 0 | |a Promot Educ |2 dnlm |
| 222 | 0 | |a Promotion & education | |
| 245 | 0 | 0 | |a Promotion & education |h [electronic resource]. |
| 246 | 3 | |a Promotion and education | |
| 260 | |a Paris : |b International Union for Health Promotion and Education, |c 1994- | ||
| 310 | |a Quarterly | ||
| 362 | 0 | |a Vol. 1/1 (Mar. '94)- | |
| 362 | 1 | |a Ceased with: v. 15, no. 4 (Dec. 2008). | |
| 500 | |a Title from cover. | ||
| 500 | |a "International journal of health promotion and education." | ||
| 500 | |a Published: [London?] : Sage, <2008-> | ||
| 506 | |a License restrictions may limit access. | ||
| 515 | |a Preceded by an introductory number called no. 0 (Dec. 93). | ||
| 546 | |a English, French, and Spanish. | ||
| 550 | |a Official publication of the International Union for Health Promotion and Education. | ||
| 588 | |a Latest issue consulted: Vol. 15, no. 4 (Dec. 2008). | ||
| 588 | |a Latest issue consulted: Vol. 5/1 (Mar. '98). | ||
| 650 | 0 | |a Health promotion |v Periodicals. | |
| 650 | 0 | |a Health education |v Periodicals. | |
| 650 | 7 | |a Health education. |2 fast |0 (OCoLC)fst00952878 | |
| 650 | 7 | |a Health promotion. |2 fast |0 (OCoLC)fst00953194 | |
| 650 | 1 | 7 | |a Gezondheidsvoorlichting en -opvoeding. |2 gtt |
| 650 | 1 | 7 | |a Éducation à la santé |2 rasuqam |
| 650 | 1 | 7 | |a Promotion de la santé |2 rasuqam |
| 650 | 2 | |a Health Education. | |
| 650 | 2 | |a Health Promotion. | |
| 655 | 0 | |a Electronic journals. | |
| 710 | 2 | |a International Union for Health Promotion and Education. | |
| 776 | 0 | 8 | |i Microfiche version: |t Promotion & education |w (OCoLC)61186147 |
| 780 | 0 | 0 | |t Hygie |x 0751-7149 |w (DLC)sc 82006789 |w (OCoLC)8832140 |
| 785 | 0 | 0 | |t Global health promotion |x 1757-9759 |w (OCoLC)355628316 |
| 850 | |a DLC |a DNLM |a MiU |a WaU | ||
| 853 | 1 | 2 | |8 1 |a v. |b no. |u 4 |v r |i (year) |j (month) |w q |x 03 |
| 856 | 4 | 0 | |z Full text available from Research Library: 06/01/1998 to 12/31/2008 |u https://search.proquest.com/publication/30778 |
| 863 | 4 | 1 | |8 1 |a <1> |b <4> |i <1994> |j <Dec.> |x provisional |